000 00279nam a22001337a 4500
008 171218b xxu||||| |||| 00| 0 eng d
020 _a0582488338
041 _aeng
080 _a94
100 _a16
101 _aHIS
245 _aThe Stuart Age
_cGoward, B
942 _2udc
_cBK
999 _c39086
_d39086